[Event "Lazy op 10th"]
[Site "Lazy"]
[Date "2014.07.07"]
[Round "8"]
[White "Zolobowski, Grzegorz"]
[Black "Pilzak, Marcin"]
[Result "0-1"]
[WhiteElo "2046"]
[BlackElo "1968"]
[PlyCount "180"]
[EventDate "2014.06.29"]
[EventType "swiss"]
[EventRounds "9"]
[EventCountry "POL"]
[SourceTitle "CBM 161 Extra"]
[Source "ChessBase"]
[SourceDate "2014.08.29"]
[SourceVersion "1"]
[SourceVersionDate "2014.08.29"]
[SourceQuality "1"]

1. d4 Nf6 2. c4 c5 3. d5 e6 4. Nc3 exd5 5. cxd5 d6 6. Nf3 g6 7. g3 Bg7 8. Bg2 0-0 9. 0-0 Bg4 10. Nd2 Qd7 11. Nc4 b5 12. Ne3 b4 13. Nxg4 Qxg4 14. Na4 Na6 15. e4 Rad8 16. Qd3 Nc7 17. a3 a5 18. axb4 axb4 19. Nb6 Nd7 20. h3 Ne5 21. Qb3 Qe2 22. f4 Nd3 23. Qd1 Qxd1 24. Rxd1 Nxc1 25. Raxc1 Bxb2 26. Rc2 Bg7 27. Nc4 Nb5 28. e5 Nc3 29. Re1 dxe5 30. Nxe5 Rfe8 31. Rcc1 Rd6 32. Nc4 Bd4+ 33. Kf1 Rdd8 34. d6 b3 35. Rxe8+ Rxe8 36. d7 Rd8 37. Bc6 b2 38. Nxb2 Nd5 39. Nc4 Nf6 40. Ne5 Kf8 41. Bb5 Bxe5 42. fxe5 Nxd7 43. Bxd7 Rxd7 44. Rxc5 Ke7 45. Kf2 Rd3 46. h4 h5 47. Rc2 Ke6 48. Re2 Rd5 49. Kg2 Rxe5 50. Rf2 Re3 51. Rf4 f6 52. Kf2 Ra3 53. Re4+ Kf5 54. Rb4 Rd3 55. Kg2 Re3 56. Rb5+ Re5 57. Rb4 Re4 58. Rb2 Kg4 59. Rf2 f5 60. Ra2 Re3 61. Ra4+ Re4 62. Ra6 Re2+ 63. Kf1 Kf3 64. Rxg6 Ra2 65. Ke1 Ra1+ 66. Kd2 Rg1 67. Rg5 Rg2+ 68. Kd1 Rg1+ 69. Kd2 Rg2+ 70. Ke1 Rg1+ 71. Kd2 Rxg3 72. Rxh5 Rg2+ 73. Ke1 Rg1+ 74. Kd2 Rg2+ 75. Ke1 Rg1+ 76. Kd2 f4 77. Rg5 Rh1 78. h5 Kf2 79. Kd3 f3 80. Rf5 Rh4 81. Kd2 Rd4+ 82. Kc3 Rh4 83. Kd2 Rh3 84. Kd1 Kg2 85. Kd2 Kf2 86. Rg5 Kf1 87. Kd1 Rh2 88. Rf5 f2 89. Kd2 Kg1 90. Rg5+ Rg2 0-1

[Event "Lazy op 10th"]
[Site "Lazy"]
[Date "2014.07.06"]
[Round "7"]
[White "Januszkiewicz, Wojciech"]
[Black "Zolobowski, Grzegorz"]
[Result "1-0"]
[WhiteElo "1852"]
[BlackElo "2046"]
[PlyCount "73"]
[EventDate "2014.06.29"]
[EventType "swiss"]
[EventRounds "9"]
[EventCountry "POL"]
[SourceTitle "CBM 161 Extra"]
[Source "ChessBase"]
[SourceDate "2014.08.29"]
[SourceVersion "1"]
[SourceVersionDate "2014.08.29"]
[SourceQuality "1"]

1. e4 c6 2. d4 d5 3. Nc3 g6 4. e5 h5 5. Be3 Nh6 6. Bd3 Qa5 7. Qd2 Bf5 8. Nf3 Bxd3 9. Qxd3 e6 10. Bd2 Qc7 11. 0-0 Nf5 12. Ne2 Nd7 13. b3 c5 14. c4 Nb6 15. cxd5 Nxd5 16. dxc5 Qxc5 17. Rac1 Qb6 18. Nf4 Nxf4 19. Bxf4 Ba3 20. Rc4 0-0 21. b4 Qb5 22. Nd2 Bb2 23. Qb3 Bd4 24. Ne4 a5 25. a4 Qa6 26. b5 Qa7 27. Rfc1 Bb6 28. h3 Rfd8 29. Bg5 Rd4 30. Nf6+ Kg7 31. Qf3 h4 32. Rc8 Rxc8 33. Rxc8 Rd8 34. Ne8+ Kf8 35. Bxd8 Bxd8 36. Rxd8 Qb6 37. Qd3 1-0

[Event "Lazy op 10th"]
[Site "Lazy"]
[Date "2014.07.02"]
[Round "4"]
[White "Szewczak, Andrzej"]
[Black "Zolobowski, Grzegorz"]
[Result "0-1"]
[WhiteElo "1976"]
[BlackElo "2046"]
[PlyCount "70"]
[EventDate "2014.06.29"]
[EventType "swiss"]
[EventRounds "9"]
[EventCountry "POL"]
[SourceTitle "CBM 161 Extra"]
[Source "ChessBase"]
[SourceDate "2014.08.29"]
[SourceVersion "1"]
[SourceVersionDate "2014.08.29"]
[SourceQuality "1"]

1. e4 d5 2. exd5 Qxd5 3. Nc3 Qa5 4. d4 Nf6 5. Nf3 Bf5 6. Bd2 c6 7. Nh4 Bg6 8. Nxg6 hxg6 9. Ne4 Qc7 10. Nxf6+ gxf6 11. Qf3 Nd7 12. 0-0-0 e6 13. h4 0-0-0 14. g4 Bh6 15. g5 Bg7 16. Bg2 f5 17. Be3 e5 18. d5 e4 19. Qe2 c5 20. f4 Qa5 21. Kb1 b5 22. h5 Nb6 23. h6 Bxb2 24. Bxc5 Na4 25. Qe3 b4 26. Bd4 Bxd4 27. Rxd4 Nc3+ 28. Kc1 Nxa2+ 29. Kb2 Rxd5 30. Ra1 Rxd4 31. Qxd4 Qa3+ 32. Kb1 Nc3+ 33. Qxc3+ Qxc3 34. Rxa7 Kb8 35. Rxf7 Rd8 0-1

[Event "Augustow op"]
[Site "Augustow"]
[Date "2004.??.??"]
[Round "4"]
[White "Zolobowski, Grzegorz"]
[Black "Probola, Bartosz"]
[Result "0-1"]
[WhiteElo "2021"]
[BlackElo "2075"]
[PlyCount "74"]
[EventDate "2004.08.??"]
[EventType "swiss"]
[EventRounds "9"]
[EventCountry "POL"]
[SourceTitle "EXT 2008"]
[Source "ChessBase"]
[SourceDate "2007.11.25"]
[SourceVersion "1"]
[SourceVersionDate "2007.11.25"]
[SourceQuality "1"]

1. d4 Nf6 2. Nf3 e6 3. c4 Bb4+ 4. Bd2 Qe7 5. Qc2 Bxd2+ 6. Nfxd2 b6 7. Nc3 Bb7 8. e3 d6 9. Bd3 Nbd7 10. 0-0 0-0 11. Nce4 Nxe4 12. Bxe4 Bxe4 13. Nxe4 f5 14. Nc3 c6 15. g3 g5 16. f3 a6 17. a4 Rad8 18. Rad1 Rc8 19. Qe2 e5 20. d5 c5 21. g4 fxg4 22. fxg4 e4 23. Qg2 Rce8 24. Rxf8+ Nxf8 25. Ne2 Qd7 26. Nc3 Ng6 27. h3 Nh4 28. Qg3 Qe7 29. Rf1 Nf3+ 30. Kh1 Nd2 31. Rf5 Nxc4 32. Qf2 Kg7 33. Ne2 Nxb2 34. Ng3 Nd3 35. Qg2 Rf8 36. Nxe4 Rxf5 37. gxf5 Qxe4 0-1

[Event "Wisla Hugart op"]
[Site "Warsaw"]
[Date "1999.??.??"]
[Round "?"]
[White "Pichugin, Alexandr"]
[Black "Zolobowski, Grzegorz"]
[Result "1-0"]
[WhiteElo "2306"]
[BlackElo "2065"]
[PlyCount "65"]
[EventDate "1999.??.??"]
[EventType "swiss"]
[EventRounds "9"]
[EventCountry "POL"]
[SourceTitle "EXT 2003"]
[Source "ChessBase"]
[SourceDate "2002.11.25"]
[SourceVersion "1"]
[SourceVersionDate "2002.11.25"]
[SourceQuality "1"]

1. d4 Nf6 2. c4 g6 3. Nc3 Bg7 4. Nf3 0-0 5. Bf4 d6 6. h3 a5 7. e3 Bd7 8. Be2 Na6 9. 0-0 Bc6 10. Qc2 Nb4 11. Qb1 Nh5 12. Bh2 Bd7 13. a3 Nc6 14. d5 Nb8 15. Nd2 Nf6 16. f4 Ne8 17. e4 f5 18. e5 e6 19. Nf3 Na6 20. b4 c6 21. Kh1 Nac7 22. Qb3 exd5 23. cxd5 cxd5 24. Rad1 axb4 25. axb4 Kh8 26. Nd4 Qh4 27. b5 Ne6 28. Nf3 Qh6 29. Nxd5 Nc5 30. Qe3 Ne4 31. Ng5 Ra2 32. e6 Bc8 33. e7 1-0

[Event "Wisla Hugart op"]
[Site "Warsaw"]
[Date "1999.??.??"]
[Round "?"]
[White "Seifert, Henryk"]
[Black "Zolobowski, Grzegorz"]
[Result "1-0"]
[WhiteElo "2310"]
[BlackElo "2065"]
[PlyCount "39"]
[EventDate "1999.??.??"]
[EventType "swiss"]
[EventRounds "9"]
[EventCountry "POL"]
[SourceTitle "EXT 2003"]
[Source "ChessBase"]
[SourceDate "2002.11.25"]
[SourceVersion "1"]
[SourceVersionDate "2002.11.25"]
[SourceQuality "1"]

1. e4 c6 2. d4 d5 3. exd5 cxd5 4. Bd3 Nc6 5. c3 g6 6. Nf3 Bg7 7. 0-0 Nf6 8. Re1 0-0 9. Bg5 Bg4 10. Nbd2 Qc7 11. h3 Be6 12. Qe2 Rae8 13. Qe3 Bc8 14. Bf4 Qd8 15. Ne5 Nh5 16. Bh6 Nxe5 17. dxe5 d4 18. cxd4 Bxh6 19. Qxh6 Qxd4 20. Nf3 1-0

[Event "Polanica Zdroj op"]
[Site "Polanica Zdroj"]
[Date "1994.??.??"]
[Round "?"]
[White "Bus, Mariusz"]
[Black "Zolobowski, Grzegorz"]
[Result "1-0"]
[WhiteElo "2370"]
[BlackElo "2040"]
[PlyCount "56"]
[EventDate "1994.??.??"]
[EventType "swiss"]
[EventRounds "10"]
[EventCountry "POL"]
[SourceTitle "EXT 1998"]
[Source "ChessBase"]
[SourceDate "1997.11.17"]
[SourceVersion "1"]
[SourceVersionDate "1997.11.17"]
[SourceQuality "1"]

1. e4 c6 2. c4 d5 3. exd5 cxd5 4. cxd5 Nf6 5. Nc3 g6 6. Bb5+ Nbd7 7. Nf3 Bg7 8. d6 e6 9. d4 0-0 10. Bf4 Nb6 11. 0-0 a6 12. Be2 Nfd5 13. Be5 f6 14. Bg3 Bh6 15. a4 Nf4 16. a5 Nbd5 17. Bc4 Qxd6 18. Qb3 Nxc3 19. bxc3 Kh8 20. Rfe1 Re8 21. Re4 g5 22. Rae1 g4 23. Nh4 e5 24. Bxf4 Bxf4 25. Rxf4 Bd7 26. Rfe4 Qe7 27. g3 Bc6 28. Bd5 Qd7 1-0